Easy, Medium and Hard General Knowledge Quiz - Statistics

General Stats
  • This quiz has been taken 30 times
  • The average score is 6 of 15
Answer Stats
Hint Answer % Correct
Strait between the Pacific and Arctic oceans, separating Alaska and Russia. Bering Strait
65%
Flat-topped mountain overlooking Cape Town, South Africa. Table Mountain
65%
Thick substance consisting of water, cement and sand used for filling in gaps between tiles. grout
61%
Term referring to an asset that can quickly and easily be converted into cash, particularly as opposed to investments or property. liquid asset
61%
City that is "no work all play" according to Will Smith in a 1998 R&B single. Miami
52%
1997 film starring Jack Nicholson as a comically rude, bigoted novelist with obsessive-compulsive disorder. As Good As It Gets
48%
Leaf used in South America as a remedy for altitude sickness, it can also be used for the production of an illegal drug. coca leaves
43%
Decorative jewelled eggs created primarily for the Russian Imperial Family in the 19th and early 20th centuries. Fabergé eggs
43%
Type of cake on a stick invented by a blogger named Angie Dudley in 2008. cake pop
30%
Old name for modern tennis, used to distinguish it from the original game, known as real, royal or court tennis. lawn tennis
30%
Peculiar mode of transport invented by James Bedford Elliott in the 1870s, originally made from a modified penny-farthing. unicycle
17%
Fruit native to southern China, its extract is often used as a low-calorie sweetener and in traditional Chinese medicine. monk fruit
13%
Term for a low-quality piece of software, online content or video game sold in large quantities. The Wii became known for having many of these sorts of games. shovelware
13%
A figure of speech where a concept is referred to by something closely related to it, e.g. "Hollywood" to refer to the film industry. metonymy
9%
Former prime minister of New Zealand from 1999 to 2008 who later became administrator of the United Nations Development Programme. Helen Clark
4%
No matching quizzes found
Score Distribution
Percent of People with Each Score
Percentile by Number Answered
Your Score History
You have not taken this quiz